000 00180 a2200085 4500
020 _a 978-9881296801
100 _aTiagoDo Vale
245 _aJapanese Landscape Design
260 _c2014
999 _c11210
_d11210